000 00451nam a22001937a 4500
003 UA-OsUOA
001 33138
007 ta
008 20050207b un ||||| |||| 00| 0 ukr d
942 _cBK
040 _aUA-OsUOA
_brus
_cUA-OsUOA
_dUA-OsUOA
245 _aБиблиотека Я.В. Брюса
_bКаталог
300 _a409 с.
955 _a0
041 _arus
260 _aЛенинград
_bБАН
_c1989
044 _aRU
650 7 _2UDC
999 _c319596
_d319596